Capitals and Largest Cities of Bolivia - Statistics

General Stats
  • This quiz has been taken 12 times
  • The average score is 8 of 10
Answer Stats
Department Capital % Correct
Cochabamba Cochabamba
100%
La Paz La Paz
100%
Oruro Oruro
100%
Potosí Potosí
100%
Santa Cruz Santa Cruz de la Sierra
100%
Chuquisaca Sucre
86%
Tarija Tarija
86%
La Paz El Alto
57%
Pando Cobija
43%
Beni Trinidad
43%
No matching quizzes found
Score Distribution
Percent of People with Each Score
Percentile by Number Answered
Your Score History
You have not taken this quiz